000 00993nam0a22002771 4500
001 rc\2301647
005 20110829140758.5
035 _a(NLR Aleph) 006570012
090 _a6934706
_c6934706
100 _a20110829d1977 |||y0rusy50 ca
101 0 _arus
102 _aRU
105 _ay z |||||
200 1 _aВычислительная техника как средство переработки информации
_eЛекция
_fАкад. МВД СССР. Кафедра средств упр. и спец. техники
210 _aМосква
_cБ. и.
_d1977
215 _a30 с.
_d20
333 _aДСП. Экз. № 6
700 1 _aКуликов
_bН. К.
_gНиколай Константинович
701 1 _aСемененко
_bВ. А.
_gВячеслав Алексеевич
801 0 _aRU
_bNLR
_gpsbo
801 1 _aRU
_bELAR
_2rusmarc
852 _aNLR
_j77-50к/1058
899 _aRuMoRGB
_jДСП/
899 _aRuMoRGB
_j23 77/318
942 _cBOOK
980 _aNB